|
|
|
|
| LEADER |
00000nab a2200000 a 4500 |
| 001 |
vtls000104697 |
| 003 |
SK-MaSNL |
| 005 |
20260304052406.0 |
| 008 |
250422c1981 xo 0 slo |
| 015 |
|
|
|a SNBRB19rr/mm-uuuuu
|
| 035 |
|
|
|a CL0114800
|
| 035 |
|
|
|a urn:nbn:sk:snk-abczbs
|
| 035 |
|
|
|a (urnnbn)urn:nbn:sk:snk:ar-007ev1
|
| 035 |
|
|
|a (uuid)b9896603-ff93-43ca-a9c6-2c31eebb71a8
|
| 040 |
|
|
|a SNKBUCL
|b slo
|c SNKBUCL
|e AACR2
|
| 041 |
0 |
|
|a slo
|
| 044 |
|
|
|a xo
|c SK
|
| 080 |
|
|
|a 340
|2 1981
|
| 100 |
1 |
|
|a Pojezná, Anna
|4 aut
|9 943789
|
| 245 |
1 |
0 |
|a K problémom kultúry práva
|c Anna Pojezná
|
| 650 |
0 |
7 |
|a právo socialistické
|2 snkbucl
|9 938613
|
| 655 |
|
7 |
|a články z novín a časopisov
|2 snkbucl
|9 267496
|
| 773 |
0 |
|
|t Socialistické súdnictvo
|g Roč. 33, č. 9 (1981), s. 1-8
|
| 850 |
|
|
|a Slovenská národná knižnica
|
| 852 |
|
|
|a Slovenská národná knižnica
|
| 954 |
|
|
|a odborná, vedecká literatúra pôvodná (slovenská)
|2 lita
|
| 958 |
|
|
|a article17
|
| 958 |
|
|
|a OND
|
| 958 |
|
|
|a RK
|
| 958 |
|
|
|a EUIPO
|
| 992 |
|
|
|a RBX
|
| 999 |
|
|
|c 2708024
|d 2709954
|